Los hechiceros del siglo XX

Guardado en:
Bibliografiske detaljer
Hovedforfatter: Morales, Carlos
Format: Bog
Sprog:Undetermined
Udgivet: San José, Costa Rica Editorial Costa Rica 1978
Fag:
Tags: Tilføj Tag
Ingen Tags, Vær først til at tagge denne postø!

MARC

LEADER 00000nam a2200000Ia 4500
008 170316s9999 xx 000 0 und d
040 |a cru BVZT 
090 |a 868 M-16h 
100 |a Morales, Carlos 
245 |a Los hechiceros del siglo XX 
260 |a San José, Costa Rica 
260 |b Editorial Costa Rica 
260 |c 1978 
300 |a 91 páginas 
650 |a LITERATURA COSTARRICENSE 
650 |a NOVELA DIDÁCTICA 
942 |c 15 D 
999 |c 11307  |d 11307